| 000 | 00603nam a22001457a 4500 | ||
|---|---|---|---|
| 020 | _a978-0-141-33566-7 | ||
| 082 |
_a823 _bRIO/T |
||
| 100 | _aRIORDAN, RICK | ||
| 245 | _aTHE THRONE OF FIRE | ||
| 260 |
_aUNITED KINGDOM _bPUFFIN BOOKS _c2011 |
||
| 300 | _a451 | ||
| 520 | _aIt is the second novel in The Kane Chronicles series, which tells of the adventures of modern-day fourteen-year-old Carter Kane and his twelve-year-old sister - Sadie Kane, as they discover that they are descended from the ancient Egyptian pharaohs Narmer and Ramesses the Great. | ||
| 650 |
_aNOVEL _zUNITED KINGDOM |
||
| 942 | _cBK | ||
| 999 |
_c3826 _d3826 |
||